1923 1276 1937 1726 1617 1184 1993 1615 1192 1850 1296 1571 1441 1059 1753 1518 1986 1908 1910 1331 1985 1980 1320 1831 1498 1967 1967 1281 1646 1740 1126 1074 1051 1033 1615 1487 1881 1577 1060 1713 1087 1353 1216 1462 1976 1260 1459 1213 1317 1472 1612 1532 1425 1693 1516 1043 1083 1658 1030 1161 1320 1106 1757 1290 1566 1006 1721 1670 1647 1630 1767 1767 1069 1150 1543 1105 1734 1643 1532 1565 1695 1275 1109 1561 1306 1920 1865 1925 1110 1034 1387 1518 1352 1612 1094 1981 1748 1205 1200 BCNSPRNW ULIB Ver.6.0+V

เปลี่ยนเป็นภาษาไทย

Change to English
 แสดงรายละเอียดบรรณานุกรม
  กลับหน้าหลัก

Brief Record : Get Marc (ISO 2709) : E-mail record : QR code < ปิดหน้าต่าง
LEADER : 00000nam 2200000uu 4500
001    13399110888
003     ULIB
008    110613s||||||||th 000 0 tha d
020    9748679241(ล.7)
050  4 AC158^bM111D ล.7 2005
100 0  Martina, Guido
245    ดิสนีย์ส (Disney s) โลกมหัศจรรย์ : การสำรวจและการค้นพบ/ ^cผู้แปลและเรียบเรียง ศูนย์การแปล คณะอักษณศาสตร์ จุฬาลงกรณ์มหาวิทยาลัย ; บรรณาธิการ ชาญศักดิ์ พงษ์สุวรรณ
260    กรุงเทพฯ : ^bโกเลียร์อินเตอร์เนชั่นแนล, ^c2005
300    20 เล่ม : ^bภาพประกอบ ; ^c26 ซม.
592    Buddhist era
650  7 ความรู้ทั่วไป
650  7 การค้นพบ
650  7 การสำรวจ
700    ชาญศักดิ์ พงษ์สุวรรณ, ^eบรรณาธิการ
710    จุฬาลงกรณ์มหาวิทยาลัย. ^bคณะอักษรศาสตร์. ^bศูนย์การแปล
945    ^p850^l0^i023033
995    ทศพร
999 ^a ใช้งานได้ทุกระบบ
รายการนี้ยังไม่มีแท็ก
คุณยังไม่ได้ล็อกอิน คุณสามารถมีกิจกรรมร่วมกับเว็บไซต์ได้ แต่ต้องล็อกอินก่อน ::
  ล็อกอิน

รายการสื่อสารสนเทศ

ลำดับที่ ประเภท เลขเรียก/บาร์โค้ด สถานที่ สถานะ
- ไม่พบข้อมูล -

รายการใกล้เคียง
    ผู้แต่ง [Martina, Guido]

    หัวเรื่อง [ความรู้ทั่วไป]
    หัวเรื่อง [การสำรวจ]

BibComment


ยังไม่เคยถูกคอมเมนท์

คอมเมนท์ทรัพยากรรายการนี้
  คอมเมนท์: ดิสนีย์ส Disney s..


 Copyright 2026. Bcnsprnw @Library